1393 1151 1411 1725 1676 1355 1043 1369 1624 1683 1156 1911 1699 1126 1284 1660 1172 1870 1115 1604 1723 1761 1811 1729 1731 1774 1319 1682 1925 1443 1351 1888 1915 1107 1352 1821 1672 1843 1711 1916 1983 1330 1375 1319 1820 1510 1866 1696 1154 1810 1515 1582 1211 1669 1996 1365 1275 1279 1706 1951 1361 1698 1858 1007 1196 1518 1448 1898 1524 1582 1151 1497 1642 1075 1374 1874 1486 1963 1964 1355 1787 1872 1974 1894 1336 1017 1423 1913 1290 1412 1014 1399 1857 1844 1331 1981 1073 1351 1622 BCNSPRNW ULIB Ver.6.0+V

เปลี่ยนเป็นภาษาไทย

Change to English
 แสดงรายละเอียดบรรณานุกรม
  กลับหน้าหลัก

Brief Record : Get Marc (ISO 2709) : E-mail record : QR code < ปิดหน้าต่าง
LEADER : 00000nam 2200000uu 4500
001    13399127606
003     ULIB
008    210302s2562||||th 000 0 tha d
020    ^a9786164433182
060  0 ^aWH100^bธ661ค
100 0  ^aธีระ ฤชุตระกูล และ อาจรบ คูหาภินันทน์ (บรรณาธิการ)
245 00 ^aConsultative hematology 2/^cธีระ ฤชุตระกูล และ อาจรบ คูหาภินันทน์ (บรรณาธิการ)
250    ^aพิมพ์ครั้งที่ 1
260    ^aกรุงเทพฯ:^bสาขาวิชาโลหิตวิทยา ภาควิชาอายุรศาสตร์ คณะแพทยศาสตร์ศิริราชพยาบาล,^c2562
300    ^a287 หน้า
650  0 ^aโลหิตวิทยา
650  0 ^aเลือด
650  0 ^aเลือด- -การวินิจฉัย
856    ^a^zสารบัญ^uhttps://drive.google.com/file/d/1NmFqPh2xmH-Nw_VSVFyjSRKNd5A5vMvB/view?usp=sharing
945    ^p360^l0^i28680
945    ^p360^l0^i28681
999    ^aกัณชพร จุลอักษร
รายการนี้ยังไม่มีแท็ก
คุณยังไม่ได้ล็อกอิน คุณสามารถมีกิจกรรมร่วมกับเว็บไซต์ได้ แต่ต้องล็อกอินก่อน ::
  ล็อกอิน

รายการสื่อสารสนเทศ

ลำดับที่ ประเภท เลขเรียก/บาร์โค้ด สถานที่ สถานะ
1. หนังสือสำรอง
หนังสือสำรอง
WH100 ธ661ค ฉ.1 
  Barcode: 28680
ห้องสมุดวิทยาเขตนครสวรรค์
►หนังสือทั่วไป:l:General Books
บนชั้น
2. วิทยาศาสตร์การแพทย์ และสุขภาพ
วิทยาศาสตร์การแพทย์ และสุขภาพ
WH100 ธ661ค ฉ.2 
  Barcode: 28681
ห้องสมุดวิทยาเขตนครสวรรค์
►หนังสือทั่วไป:l:General Books
บนชั้น

รายการใกล้เคียง
    ผู้แต่ง [ธีระ ฤชุตระกูล และ อาจรบ คูหาภินันทน์ (บรรณาธิการ)]

    หัวเรื่อง [โลหิตวิทยา]
    หัวเรื่อง [เลือด]
    หัวเรื่อง [เลือด- -การวินิจฉัย]

BibComment


ยังไม่เคยถูกคอมเมนท์

คอมเมนท์ทรัพยากรรายการนี้
  คอมเมนท์: Consultative hem..


 Copyright 2026. Bcnsprnw @Library